LEADER 01159nam a2200241 i 4500 001 000000140647 003 CaOOAMICUS 005 20050623000000.0 008 050623s1963 fr u000 u fre u 013 $a114848 040 $aSeMil$bita 245 12$aL'athéisme tentation du monde réveil des chrétiens? /$cpar Veuillot ... [et al.], et les participants des journées d'études des Informations catholiques internationales. 260 $aParis :$bLes Éditions du Cerf,$c1963. 300 $a256 p. ;$c21 cm. 490 0 $aParole et mission ;$v6 650 4$aAteismo.$0(OLS)http://semarc/subject/2022 700 1 $aVeuillot, Pierre.$0(OLS)http://semarc/name/802 700 1 $aJournées d'etudes des Informations Catholiques Internationales <1962 ; Parigi>.$0(OLS)http://semarc/name/56642 830 0$aParole et mission ;$v6.$0(OLS)http://semarc/title/18302 850 $aSeMil 852 $aSeMil$W1$xVenegono$y1$m2R I 305$j93964$B93964$CSeMilBibl$Z2$F99428 $81 996 $6245$aL'athéisme tentation du monde réveil des chrétiens?$9(OLS)http://semarc/title/205486 996 $6260$aParis :$bLes Éditions du Cerf$9(OLS)http://semarc/publisher/29611 LEADER 01224nam a2200277 i 4500 001 000000185084 003 CaOOAMICUS 005 20160928000000.0 008 160928s1987 it u000 u ita u 013 $a163080 020 $a88-444-1073-7 040 $aSeMil$bita 100 1 $aGrossi, Paolo.$0(OLS)http://semarc/name/8778 245 10$aAsmat, uccidere per essere :$bmiti e riti dei cacciatori di teste della Nuova /$cPaolo Grossi. 260 $aMilano :$bAll'insegna del pesce d'oro,$c1987. 300 $a197 p. :$bill. ;$c22 cm. 490 0 $aBiblioteca orientale 650 4$aNuova Guinea - Miti.$0(OLS)http://semarc/subject/34945 650 4$aNuova Guinea - Riti.$0(OLS)http://semarc/subject/34946 830 0$aBiblioteca orientale.$0(OLS)http://semarc/title/12200 850 $aSeMil 852 $aSeMil$W1$xVenegono$y1$m2R III 420$j135775$B135775$CSeMilBibl$Z2$F213964 $81 961 $aLascito: Brovelli don Giovanni 996 $6020$a88-444-1073-7$9(OLS)http://semarc/number/175152 996 $6245$aAsmat, uccidere per essere :$bmiti e riti dei cacciatori di teste della Nuova$9(OLS)http://semarc/title/265834 996 $6260$aMilano :$bAll'insegna del pesce d'oro$9(OLS)http://semarc/publisher/29752 LEADER 01001nam a2200229 i 4500 001 000000065670 003 CaOOAMICUS 005 20131108000000.0 008 131108s1967 xx u000 u lat u 013 $a36842 040 $aSeMil$bita 245 10$a154-155 :$bOpera parisiensia anno 1309. composita /$cedidit Helmut Riedlinger. 300 $aXV, 615 p. :$bill. 650 4$aTeologia - Testi - Sec. 14.$0(OLS)http://semarc/subject/1625 700 1 $aRiedlinger, Helmut.$0(OLS)http://semarc/name/294 700 1 $aLull, Ramón,$c.$0(OLS)http://semarc/name/1156 773 0 $aLull, Ramón $tRaimundi Lulli Opera latina.$dPalmae Maioricarum : Maioricensis Schola Lullistica, [1959?]-$w()29086 850 $aSeMil 852 $aSeMil$W1$xVenegono$y1$m2N I 182$j31823$B31823$CSeMilBibl$Z2$F31826 $81 900 1 $aLullo, Raimondo. 996 $6245$a154-155 :$bOpera parisiensia anno 1309. composita$9(OLS)http://semarc/title/104262 LEADER 01047nam a2200229 i 4500 001 000000201371 003 CaOOAMICUS 005 20110428000000.0 008 110428n it u000 u ita u 013 $a180072 040 $aSeMil$bita 100 1 $aCrippa, Luigi,$c.$0(OLS)http://semarc/name/92854 245 10$aPerchè la povertà religiosa sia "coltivata con amore" :$briflessioni teologico-spirituali alla luce del Perfectae Caritatis, 13 /$cLuigi Crippa. 260 $a[S.l. :$bs.n.],$c[19--?] 300 $a110 p. ;$c21 cm. 500 $aRiproduzione fotostatica. 650 4$aPovertà - Religiosi.$0(OLS)http://semarc/subject/7733 850 $aSeMil 852 $aSeMil$W1$xVenegono$y1$m5B III 13/4$j151897$B151897$CSeMilBibl$Z2$F163053 $81 961 $aOmaggio: Altro 996 $6245$aPerchè la povertà religiosa sia "coltivata con amore" :$briflessioni teologico-spirituali alla luce del Perfectae Caritatis, 13$9(OLS)http://semarc/title/291392 996 $6260$a[S.l. :$bs.n.]$9(OLS)http://semarc/publisher/29751